| 000 | 00959cam a2200301 a 4500 | ||
|---|---|---|---|
| 999 |
_c48134 _d48134 |
||
| 001 | 14241513 | ||
| 003 | Nust | ||
| 005 | 20170110140344.0 | ||
| 008 | 060126s2005 pk 001 0 eng | ||
| 010 | _a 2006334025 | ||
| 020 |
_a9698784268 _cRs499 |
||
| 040 |
_aDLC _cDLC |
||
| 042 | _alcode | ||
| 043 | _aa-pk--- | ||
| 050 | 0 | 0 |
_aDS389 _b.S54 2005 |
| 082 |
_a320.95491052 _bSID |
||
| 100 | 1 | _aSiddiqui, Tasneem Ahmad. | |
| 245 | 1 | 0 |
_aDynamics of social change / _cTasneem Ahmad Siddiqui. |
| 260 |
_aKarachi : _bSama, _c2005. |
||
| 300 |
_aix, 229 p. ; _c23 cm. |
||
| 500 | _aIncludes index. | ||
| 650 | 0 |
_aPolitics and culture _zPakistan. |
|
| 651 | 0 |
_aPakistan _xPolitics and government _y1988- |
|
| 651 | 0 |
_aPakistan _xSocial policy. |
|
| 651 | 0 |
_aPakistan _xSocial conditions. |
|
| 906 |
_a7 _bcbc _corigode _d3 _encip _f20 _gy-gencatlg |
||
| 942 |
_2ddc _cBK |
||